Consumer Ethnocentrism in Generation Z: Alternative Insights Through the Lens of CEESCALE
Zameranie sa na problematiku spotrebiteľského etnocentrizmu a prínos nového pohľadu na možné merania, ako aj možnosti intervencie. Cieľ článku je trojaký: (1) poukázať na možnosti alternatívneho merania spotrebiteľského etnocentrizmu v rámci generácie Z, (2) zdôrazniť možné adaptácie a modifikácie n...
Gespeichert in:
| 1. Verfasser: | |
|---|---|
| Weitere Verfasser: | , |
| Format: | Buchkapitel |
| Sprache: | Englisch |
| Schlagworte: | |
| Tags: |
Keine Tags, Fügen Sie das erste Tag hinzu!
|
MARC
| LEADER | 00000naa a2200000 4500 | ||
|---|---|---|---|
| 001 | 0315246 | ||
| 005 | 20260304093747.7 | ||
| 041 | 0 | |a eng | |
| 044 | |a BE | ||
| 245 | 1 | 0 | |a Consumer Ethnocentrism in Generation Z: Alternative Insights Through the Lens of CEESCALE |c Marián Čvirik, Dagmar Cagáňová, Miko Ching-Ying YU |
| 520 | |a Zameranie sa na problematiku spotrebiteľského etnocentrizmu a prínos nového pohľadu na možné merania, ako aj možnosti intervencie. Cieľ článku je trojaký: (1) poukázať na možnosti alternatívneho merania spotrebiteľského etnocentrizmu v rámci generácie Z, (2) zdôrazniť možné adaptácie a modifikácie nástroja a (3) vysvetliť vplyv kľúčových demografických faktorov na mieru spotrebiteľského etnocentrizmu, čo sa týka generácie Z. | ||
| 610 | 2 | 0 | |a etnocentrizmus spotrebiteľský |
| 610 | 2 | 0 | |a generácie |
| 610 | 2 | 0 | |a produkcia |
| 610 | 2 | 0 | |a faktory produktivity práce |
| 610 | 2 | 0 | |a demografia |
| 100 | 1 | |a Čvirik, Marián, 1992- | |
| 700 | 1 | |a Cagáňová, Dagmar | |
| 700 | 1 | |a Ching-Ying YU, Miko | |